| 000 | 00944nam a2200217 i 4500 | ||
|---|---|---|---|
| 001 | 175492 | ||
| 003 | ES-MaACL | ||
| 005 | 20240219223341.0 | ||
| 008 | 101029s2006 sp |||| | spa d | ||
| 080 | _a929 Cervantes Saavedra, Miguel de | ||
| 100 | 1 |
_aAbellán, José Luis, _d1933-2023 _9176509 |
|
| 245 | 1 | 4 |
_aUna denuncia de la irracionalidad : _bla aventura del rebuzno / _cJosé Luis Abellán. |
| 260 |
_aMadrid : _bReal Sociedad Económica Matritense, _c2006. |
||
| 300 |
_aP. 103-110 ; _c24 cm. |
||
| 595 | _aSeparata de: Torre de los Lujanes: boletín de la Real Sociedad Económica Matritense de Amigos del País, 2006, n. 58. | ||
| 600 | 0 | 4 |
_aCervantes Saavedra, Miguel de, _d1547-1616- _xGenealogía _937611 |
| 600 | 1 | 4 |
_aCervantes Saavedra, Miguel de, _d1547-1616- _xBiografías- _vFuentes _937597 |
| 710 | 2 |
_aReal Sociedad Económica Matritense de Amigos del País. _96389 |
|
| 852 |
_aES-MaACL _j2283-F-7 |
||
| 999 |
_c175492 _d175492 |
||